000 00593nam a2200193Ia 4500
003 GCL
008 140319s9999 xx 000 0 ara d
040 _aGCL /
_cGCL
082 0 4 _a812.008
_bص هـ
100 1 _aصلاح راتب
245 1 0 _a"هى ودرويش (الخوف) ""هدية من الاديب عبدالفتاح الجمل)" /
_cصلاح راتب
300 _a173 ص
490 _aمسرحيات مختارة
_v0
650 0 4 _aالادب العربى
650 0 4 _aمصر
650 0 4 _aالمسرحيات العربية
650 0 4 _aالمجموعات
942 _2ddc
_cBK
999 _c42239
_d42239